Statistics for All Cities In Nova Scotia, Canada

Click here to take the quiz!

General Stats

  • This quiz has been taken 13 times
  • The average score is 21 of 49

Answer Stats

Cities% Correct
Halifax
100%
Yarmouth
86%
Yarmouth
86%
Bridgewater
71%
Digby
71%
Digby
71%
New Glasgow
71%
Truro
71%
Amherst
57%
Antigonish
57%
Antigonish
57%
Cape Breton
57%
Lunenburg
57%
Lunenburg
57%
Pictou
57%
Pictou
57%
Wolfville
57%
Annapolis
43%
Barrington
43%
Inverness
43%
Port Hawkesbury
43%
Shelburne
43%
Shelburne
43%
Annapolis Royal
29%
Argyle
29%
Berwick
29%
Chester
29%
Clare
29%
Clark’s Harbour
29%
Colchester
29%
Cumberland
29%
East Hants
29%
Guysborough
29%
Kentville
29%
Kings
29%
Mahone Bay
29%
Queens
29%
Richmond
29%
Stellarton
29%
St. Mary’s
29%
Trenton
29%
Victoria
29%
West Hants
29%
Lockeport
14%
Middleton
14%
Mulgrave
14%
Oxford
14%
Stewiacke
14%
Westville
14%

Score Distribution

Percentile by Number Answered

Percent of People with Each Score

Your Score History

You have not taken this quiz